MARC details
| 000 -CABECERA |
| campo de control de longitud fija |
02338nam a2200325 i 4500 |
| 003 - IDENTIFICADOR DEL NÚMERO DE CONTROL |
| campo de control |
DO-SdBNP |
| 005 - FECHA Y HORA DE LA ÚLTIMA TRANSACCIÓN |
| campo de control |
20250605104253.0 |
| 007 - CAMPO FIJO DE DESCRIPCIÓN FÍSICA--INFORMACIÓN GENERAL |
| campo de control de longitud fija |
ta |
| 008 - DATOS DE LONGITUD FIJA--INFORMACIÓN GENERAL |
| campo de control de longitud fija |
250605b2023 dr ac||| |||| 00| 0 spa d |
| 020 ## - NÚMERO INTERNACIONAL ESTÁNDAR DEL LIBRO |
| Número Internacional Estándar del Libro |
9789945250787 |
| 040 ## - FUENTE DE LA CATALOGACIÓN |
| Centro catalogador/agencia de origen |
DO-SdBNP |
| Lengua de catalogación |
spa |
| Centro/agencia transcriptor |
BNPHU |
| Normas de descripción |
rda |
| 041 ## - CÓDIGO DE LENGUA |
| Código de lengua del texto/banda sonora o título independiente |
spa |
| 082 #4 - NÚMERO DE LA CLASIFICACIÓN DECIMAL DEWEY |
| Número de clasificación |
xxx |
| Número de documento/Ítem |
C343h 2023 |
| Número de edición |
22 |
| 100 1# - ENTRADA PRINCIPAL--NOMBRE DE PERSONA |
| Nombre de persona |
Cassá, Roberto, |
| Fechas asociadas al nombre |
1948- |
| Término indicativo de función/relación |
autor |
| Código de función/relación |
aut. |
| 9 (RLIN) |
10888 |
| 245 10 - MENCIÓN DE TÍTULO |
| Título |
Historia social y económica de la República Dominicana / |
| Mención de responsabilidad, etc. |
Roberto Cassá ; edición, Aimara Vera ; diagramación, Eric Simó, Juan Francisco Domínguez Novas ; cubierta, Eric Simó ; presentación, Natalia González Tejera. |
| 250 ## - MENCIÓN DE EDICIÓN |
| Mención de edición |
Edición corregida y ampliada |
| 264 #4 - PRODUCCIÓN, PUBLICACIÓN, DISTRIBUCIÓN, FABRICACIÓN Y COPYRIGHT |
| Producción, publicación, distribución, fabricación y copyright |
Santo Domingo, República Dominicana : |
| Nombre del de productor, editor, distribuidor, fabricante |
Universidad Autónoma de Santo Domingo (UASD). Facultad de Humanidades ; Archivo General de la Nación (AGN), |
| Fecha de producción, publicación, distribución, fabricación o copyright |
©2023. |
| 300 ## - DESCRIPCIÓN FÍSICA |
| Extensión |
volumen : |
| Otras características físicas |
ilustraciones, fotografías, retratos ; |
| Dimensiones |
28 cm. |
| 336 ## - TIPO DE CONTENIDO |
| Término de tipo de contenido |
texto |
| Código de tipo de contenido |
txt |
| Fuente |
rdacontent |
| 337 ## - TIPO DE MEDIO |
| Nombre/término del tipo de medio |
sin mediación |
| Código del tipo de medio |
n |
| Fuente |
rdamedia |
| 338 ## - TIPO DE SOPORTE |
| Nombre/término del tipo de soporte |
volumen |
| Código del tipo de soporte |
nc |
| Fuente |
rdacarrier |
| 505 ## - NOTA DE CONTENIDO CON FORMATO |
| Nota de contenido con formato |
Presentación, 13.-- Palabras preliminares, 15.-- Capítulo I. Economía y Relaciones Sociales Hasta 1880, 17.-- Capitulo II. Conformación del Estado Nacional, 55.-- Capitulo III. Anexión y Restauración, 87.-- Capitulo IV. Caudillismo, Anexionismo y Nacionalismo, 115.-- Capitulo V. Economía Exportadora y Surgimiento del Capitalismo,147.-- Capitulo VI. Liberalismo y Dictadura, 183.-- Capitulo VII. Resurgimiento del Caudillismo y Dominio Financiero, 217.-- Capitulo VIII. Ocupación Militar Estadounidense, 253.-- Capitulo IX. Implantación y Primera Parte de la Dictadura de Trujillo, 297.-- Capitulo X. Madurez y Crisis de la Dictadura, 333.-- Capitulo XI. Luchas Sociales y Políticas Desde 1961 y Revolución de Abril, 379.-- Capitulo XII. Los Doce Años, 427.-- Capitulo XIII. Procesos Económicos de las Últimas Décadas del Siglo XX, 461.-- Capitulo XIV. Transición Democrática y Parámetros Sociales Finiseculares, 501.-- Bibliografía, 541. |
| 590 ## - NOTA LOCAL (RLIN) |
| Nota local |
Inventariado, 2025 /LP |
| 700 1# - PUNTO DE ACCESO ADICIONAL--NOMBRE DE PERSONA |
| Nombre de persona |
Vera, Aimara |
| Término indicativo de función/relación |
editor |
| Código de función/relación |
aut. |
| 9 (RLIN) |
77925 |
| 700 1# - PUNTO DE ACCESO ADICIONAL--NOMBRE DE PERSONA |
| Nombre de persona |
Simó, Eric |
| Término indicativo de función/relación |
diagramación |
| Código de función/relación |
di |
| 9 (RLIN) |
313 |
| 700 1# - PUNTO DE ACCESO ADICIONAL--NOMBRE DE PERSONA |
| Nombre de persona |
Domínguez Novas, Juan Francisco |
| Término indicativo de función/relación |
diagramación |
| Código de función/relación |
di |
| 9 (RLIN) |
73382 |
| 700 1# - PUNTO DE ACCESO ADICIONAL--NOMBRE DE PERSONA |
| Nombre de persona |
González Tejera, Natalia, |
| Término indicativo de función/relación |
presentador |
| Código de función/relación |
pr. |
| 9 (RLIN) |
55788 |
| 910 ## - DATOS DE OPCIÓN DEL USUARIO (OCLC) |
| Datos de opción del usuario |
LP |
| 942 ## - ELEMENTOS DE PUNTO DE ACCESO ADICIONAL (KOHA) |
| Fuente del sistema de clasificación o colocación |
Dewey Decimal Classification |
| Tipo de ítem Koha |
Libro |